[Event "SRB-chT 2nd League West"]
[Site "Kragujevac"]
[Date "2019.09.08"]
[Round "5.7"]
[White "Kolarevic, Darko"]
[Black "Kelovic, Goran"]
[Result "1-0"]
[WhiteElo "2157"]
[BlackElo "1854"]
[PlyCount "87"]
[EventDate "2019.09.06"]
[EventType "team-tourn"]
[EventRounds "11"]
[EventCountry "SRB"]
[SourceTitle "EXT 2020"]
[Source "ChessBase"]
[SourceDate "2019.10.17"]
[SourceVersion "1"]
[SourceVersionDate "2019.10.17"]
[SourceQuality "1"]
[WhiteTeam "Ivanjica"]
[BlackTeam "Prijepolje Priko"]
[WhiteTeamCountry "SRB"]
[BlackTeamCountry "SRB"]

1. d4 d5 2. c4 e6 3. Nc3 Nf6 4. cxd5 exd5 5. Bg5 Be7 6. Qc2 0-0 7. e3 Be6 8. Bd3 Nbd7 9. Nf3 h6 10. Bh4 c5 11. 0-0 Rc8 12. Qe2 a6 13. Ne5 c4 14. Bc2 b5 15. a3 Nh7 16. Bxe7 Qxe7 17. f4 Nxe5 18. dxe5 f5 19. Rad1 Rfd8 20. Kh1 Qc5 21. g4 fxg4 22. f5 Bf7 23. Rd4 h5 24. h3 Qe7 25. e6 Be8 26. hxg4 Qh4+ 27. Qh2 Qg5 28. Qf4 Qh4+ 29. Kg2 hxg4 30. Rh1 Qf6 31. Qh2 Qh6 32. Qxh6 gxh6 33. Rxh6 Kg7 34. Rh1 Nf6 35. Rhd1 Kf8 36. e4 Ke7 37. exd5 Rd6 38. Kg3 Rc5 39. Ne4 Nxe4+ 40. Bxe4 c3 41. bxc3 Rxc3+ 42. Kxg4 Kf6 43. Rh1 Rxa3 44. Rh6+ 1-0

[Event "SRB-chT2 West"]
[Site "Kragujevac"]
[Date "2017.09.10"]
[Round "4.3"]
[White "Stevcic, Slobodan"]
[Black "Kolarevic, Darko"]
[Result "1-0"]
[WhiteElo "2140"]
[BlackElo "2182"]
[PlyCount "80"]
[EventDate "2017.09.08"]
[EventType "team-tourn"]
[EventRounds "11"]
[EventCountry "SRB"]
[SourceTitle "EXT 2022"]
[Source "ChessBase"]
[SourceDate "2021.10.06"]
[SourceVersion "1"]
[SourceVersionDate "2021.10.06"]
[SourceQuality "1"]

1. e4 c6 2. d4 d5 3. exd5 cxd5 4. Nf3 Nc6 5. h3 Bf5 6. Bd3 Bxd3 7. Qxd3 Nf6 8. 0-0 e6 9. Nc3 Be7 10. Bf4 0-0 11. Rfe1 Rc8 12. a3 Na5 13. Ne5 Nc4 14. Nd1 Qb6 15. Nxc4 Rxc4 16. c3 Rfc8 17. Ne3 R4c6 18. Re2 Qa5 19. Rae1 b5 20. Bg5 Qb6 21. Bxf6 Bxf6 22. Nxd5 Qd8 23. Nxf6+ Qxf6 24. Qxb5 Rb6 25. Qa5 Rcb8 26. d5 g6 27. dxe6 Rxe6 28. Rxe6 fxe6 29. Re2 Rd8 30. Qa4 Kf7 31. Re3 Kg7 32. Qc2 Rd5 33. Qe2 e5 34. c4 Rd4 35. b4 Qd6 36. c5 Rd1+ 37. Kh2 Qd4 38. Rxe5 Qf4+ 39. g3 Qd4 40. Re7+ Kh6 1-0

[Event "SRB-chT 1st League"]
[Site "Vrnjacka Banja"]
[Date "2009.09.23"]
[Round "7"]
[White "Zlatanovic, Boroljub"]
[Black "Kolarevic, Darko"]
[Result "1/2-1/2"]
[WhiteElo "2404"]
[BlackElo "2179"]
[PlyCount "75"]
[EventDate "2009.09.19"]
[EventType "team-swiss"]
[EventRounds "11"]
[EventCountry "YUG"]
[SourceTitle "CBM 132 Extra"]
[Source "ChessBase"]
[SourceDate "2009.11.03"]
[SourceVersion "1"]
[SourceVersionDate "2009.11.03"]
[SourceQuality "1"]

1. c4 Nf6 2. Nc3 g6 3. g3 Bg7 4. Bg2 0-0 5. e4 d6 6. Nge2 c5 7. 0-0 Nc6 8. a3 Rb8 9. Rb1 a5 10. d3 Bd7 11. h3 Ne8 12. Be3 Nc7 13. a4 Ne6 14. g4 Ned4 15. Ng3 e5 16. Nd5 Ne6 17. Ne2 Kh8 18. b3 Rg8 19. f3 f5 20. Kh2 Ned4 21. Nxd4 Nxd4 22. Rb2 Be6 23. Bxd4 exd4 24. f4 fxg4 25. hxg4 Qh4+ 26. Bh3 h5 27. Qe1 Qxe1 28. Rxe1 hxg4 29. Nc7 Bd7 30. Bg2 Rbf8 31. Kg3 Bf6 32. Rh1+ Kg7 33. Nd5 Rh8 34. Rbb1 Rh5 35. Nxf6 Kxf6 36. Rxh5 gxh5 37. Rh1 Rh8 38. Rh4 1/2-1/2

[Event "SRB-chT2"]
[Site "Golubac"]
[Date "2008.09.27"]
[Round "11"]
[White "Kolarevic, Darko"]
[Black "Nesic, Nebojsa"]
[Result "1/2-1/2"]
[WhiteElo "2171"]
[BlackElo "2132"]
[PlyCount "21"]
[EventDate "2008.09.20"]
[EventType "team-tourn"]
[EventRounds "11"]
[EventCountry "YUG"]
[SourceTitle "EXT 2010"]
[Source "ChessBase"]
[SourceDate "2010.11.25"]
[SourceVersion "1"]
[SourceVersionDate "2010.11.25"]
[SourceQuality "1"]

1. d4 Nf6 2. c4 g6 3. Nc3 d5 4. cxd5 Nxd5 5. e4 Nxc3 6. bxc3 c5 7. Bc4 Bg7 8. Ne2 Nc6 9. Be3 0-0 10. 0-0 Bg4 11. f3 1/2-1/2

[Event "SRB-chT2"]
[Site "Golubac"]
[Date "2008.09.26"]
[Round "10"]
[White "Kolarevic, Darko"]
[Black "Jakovljevic, Zivota"]
[Result "1-0"]
[WhiteElo "2171"]
[BlackElo "2124"]
[PlyCount "49"]
[EventDate "2008.09.20"]
[EventType "team-tourn"]
[EventRounds "11"]
[EventCountry "YUG"]
[SourceTitle "EXT 2010"]
[Source "ChessBase"]
[SourceDate "2010.11.25"]
[SourceVersion "1"]
[SourceVersionDate "2010.11.25"]
[SourceQuality "1"]

1. d4 d5 2. c4 e6 3. Nc3 c6 4. Nf3 Nf6 5. cxd5 exd5 6. Bg5 Nbd7 7. e3 Bb4 8. Bd3 0-0 9. Qc2 Qa5 10. 0-0 Re8 11. Bf4 Nf8 12. a3 Be7 13. b4 Qd8 14. b5 Nh5 15. Be5 f6 16. Bg3 Nxg3 17. hxg3 Bd7 18. bxc6 Bxc6 19. Qb3 Kh8 20. a4 a5 21. Rfc1 Qd7 22. Rc2 Bb4 23. Nb5 g6 24. g4 h6 25. g3 1-0

[Event "Belgrade Trophy 20th"]
[Site "Belgrade"]
[Date "2007.11.29"]
[Round "8"]
[White "Radosavljevic, Slobodan D"]
[Black "Kolarevic, Darko"]
[Result "1-0"]
[WhiteElo "2247"]
[BlackElo "2155"]
[PlyCount "56"]
[EventDate "2007.11.22"]
[EventType "swiss"]
[EventRounds "9"]
[EventCountry "YUG"]
[SourceTitle "CBM 121 Extra"]
[Source "ChessBase"]
[SourceDate "2008.01.10"]
[SourceVersion "1"]
[SourceVersionDate "2008.01.10"]
[SourceQuality "1"]

1. c4 c5 2. g3 Nc6 3. Bg2 g6 4. Nc3 Bg7 5. a3 a5 6. d3 d6 7. Nf3 e5 8. 0-0 Nge7 9. Rb1 Rb8 10. Bd2 0-0 11. Ne1 Be6 12. Nd5 b5 13. Nxe7+ Nxe7 14. cxb5 Rxb5 15. Qa4 Qb6 16. b4 axb4 17. axb4 Qb8 18. Nc2 Bd7 19. Na3 Rb7 20. Qc2 Bc6 21. Bxc6 Nxc6 22. bxc5 Nd4 23. Qd1 Rxb1 24. Nxb1 dxc5 25. Bc3 Ne6 26. Nd2 f5 27. Qa1 Nd8 28. Qa2+ Kh8 1-0

[Event "Belgrade Trophy 20th"]
[Site "Belgrade"]
[Date "2007.11.28"]
[Round "7"]
[White "Kolarevic, Darko"]
[Black "Vucinic, Gojko"]
[Result "1-0"]
[WhiteElo "2155"]
[BlackElo "1824"]
[PlyCount "53"]
[EventDate "2007.11.22"]
[EventType "swiss"]
[EventRounds "9"]
[EventCountry "YUG"]
[SourceTitle "CBM 121 Extra"]
[Source "ChessBase"]
[SourceDate "2008.01.10"]
[SourceVersion "1"]
[SourceVersionDate "2008.01.10"]
[SourceQuality "1"]

1. d4 Nf6 2. c4 c5 3. d5 b5 4. cxb5 a6 5. bxa6 g6 6. Nc3 Bxa6 7. e4 Bxf1 8. Kxf1 d6 9. Nf3 Nbd7 10. g3 Bg7 11. Kg2 0-0 12. Re1 Ng4 13. Qe2 Qa5 14. Bd2 Qb6 15. Ng5 Ndf6 16. b3 h6 17. Nf3 Ne8 18. Rec1 Nc7 19. Rc2 Ra6 20. Na4 Qb7 21. Bc3 Nf6 22. Nd2 Nb5 23. f4 Nd7 24. Bxg7 Kxg7 25. Nf3 Rfa8 26. Rd1 Nb6 27. Qxb5 1-0